[Event "SRB-chT 1st League CS"]
[Site "Banja Vrujci"]
[Date "2022.10.05"]
[Round "6.2"]
[White "Ivanovic, Zoran M"]
[Black "Gigovic, Nebojsa"]
[Result "1/2-1/2"]
[WhiteElo "2012"]
[BlackElo "2023"]
[PlyCount "82"]
[EventDate "2022.10.01"]
[EventType "team-tourn"]
[EventRounds "11"]
[EventCountry "SRB"]
[SourceTitle "CBM 210 Extra"]
[Source "ChessBase"]
[SourceDate "2022.11.30"]
[SourceVersion "1"]
[SourceVersionDate "2022.11.30"]
[SourceQuality "1"]
[WhiteTeam "Jagodina Kablovi"]
[BlackTeam "Kragujevac Radnicki"]
[WhiteTeamCountry "SRB"]
[BlackTeamCountry "SRB"]

1. e4 c5 2. Nf3 d6 3. d4 cxd4 4. Nxd4 Nf6 5. Nc3 a6 6. Bg5 e6 7. Qd2 Qc7 8. Bxf6 gxf6 9. f4 Nd7 10. Be2 b5 11. a3 h5 12. g3 Bb7 13. Bf3 Nb6 14. 0-0-0 Rc8 15. Qd3 Nc4 16. Nde2 Qc5 17. Qd4 Be7 18. Qxc5 Rxc5 19. Nd4 Nxa3 20. f5 e5 21. Nb3 Rc7 22. bxa3 Rxc3 23. Rhf1 h4 24. g4 Kd7 25. Kb2 Rhc8 26. Rd2 Bf8 27. Re2 Ba8 28. Bh1 Be7 29. Rf3 Rxf3 30. Bxf3 Kc6 31. Nc1 Kb6 32. Na2 a5 33. Rd2 Rc4 34. Nc3 Rc5 35. Kb3 Bc6 36. Bg2 a4+ 37. Kb2 Ka5 38. Rd3 b4 39. axb4+ Kxb4 40. Nb1 Rb5 41. Na3 Rb8 1/2-1/2